000
00325nam a2200157Ia 4500
100
_a
Pratab/Rudra
250
_a
6
942
_c
BK
654
_a
MATLAB
245
_a
Getting started with MATLAB
260
_b
Oxford university press
_c
2002
082
_a
5.131
_b
PRA
300
_a
245
546
_a
ENGLISH
999
_c
21342
_d
21342